000 00228nam a2200097Ia 4500
008 120527s9999 xx 000 0 und d
100 _aBRANDS, J.T
245 _aEquipment for vegetabloe production
260 _bIMAG
942 _cBK
999 _c25175
_d25175